Práca s informáciami

Informácie pomáhajú zreálňovať plány, tvoriť stratégie, orientovať sa v konkurenčnom prostredí. Manažéri si uvedomujú cenu informácií, ale mali by s nimi vedieť aj pracovať. Je potrebné dať pozor na úmyselné skresľovanie a zahmlievanie informácií a najmä na manipuláciu.

Salvato in:
Dettagli Bibliografici
Autore principale: Záležáková, Eliška
Natura: Capitolo di libro
Lingua:slovacco
Soggetti:
Tags: Aggiungi Tag
Nessun Tag, puoi essere il primo ad aggiungerne!!

MARC

LEADER 00000nla a2200000 4500
001 0178044
005 20240502073028.3
041 0 |a slo 
044 |a SK 
245 1 0 |a Práca s informáciami  |c Eliška Záležáková 
520 |a Informácie pomáhajú zreálňovať plány, tvoriť stratégie, orientovať sa v konkurenčnom prostredí. Manažéri si uvedomujú cenu informácií, ale mali by s nimi vedieť aj pracovať. Je potrebné dať pozor na úmyselné skresľovanie a zahmlievanie informácií a najmä na manipuláciu. 
610 2 0 |a informácie 
610 2 0 |a manažéri 
610 2 0 |a práca 
100 1 |a Záležáková, Eliška